Normal view
MARC view
- Johnson, William C
Entry Personal Name
001 - CONTROL NUMBER
- control field: 92044
003 - CONTROL NUMBER IDENTIFIER
- control field: NUST
005 - DATE AND TIME OF LATEST TRANSACTION
- control field: 20220608181756.0
008 - FIXED-LENGTH DATA ELEMENTS
- fixed length control field: 220608|| aca||aabn | a|a d
040 ## - CATALOGING SOURCE
- Original cataloging agency: NUST
- Transcribing agency: NUST
100 ## - HEADING--PERSONAL NAME
- Personal name: Johnson, William C
670 ## - SOURCE DATA FOUND
- Source citation: Work cat.: (NUST): Johnson, William C, Encyclopedia of Total Quality Management: Total Quality in Marketing, 1998.
